| 000 | 00390pab a2200157 454500 | ||
|---|---|---|---|
| 008 | 180718b2003 xxu||||| |||| 00| 0 eng d | ||
| 100 | _aKopczakl, Laura Rock | ||
| 245 | _aThe supply-chain management effect | ||
| 260 | _c2003 | ||
| 300 | _ap.27-34. | ||
| 362 | _aSpring | ||
| 650 | _aManagement | ||
| 700 | _aJohnson, M. Eric | ||
| 773 | _aMIS Sloan Management Review | ||
| 909 | _a57706 | ||
| 999 |
_c57706 _d57706 |
||